00608 2200217 4500001002100000005001700021008004100038035002400079082001000103090001800113245002900131250001100160260009000171300002900261500002600290650002300316850001500339980001500354985000600369999001500375YOGYA-0209000002324620090227023744.0 ind  0010-020900000023246 a631.4 a631.4bKonlT aKONSERVASI tanah dan air aCet. 1 aJakartabDirjend. Pertanian tanaman pangan Direktorat Perluasan Areal pertanianc1986 aiii, 32 hlmbilusc21 cm aBibliografi : hlm. 28 aTanah - Konservasi aYOPDYOG(B) a02-10-2007 a1 a06A0019909